000 03872cam a2200397 4500500
005 20260412000556.0
041 _afre
042 _adc
100 1 0 _aRoberge, Jonathan
_eauthor
700 1 0 _aDandurand, Guillaume
_eauthor
700 1 0 _aMorin, Kevin
_eauthor
700 1 0 _aSenneville, Marius
_eauthor
245 0 0 _aLes narvals et les licornes se cachent-ils pour mourir ?
260 _c2022.
500 _a86
520 _aL’annonce de la vente de l’entreprise montréalaise Element AI à Service Now inc. à la fin de 2020 a été accueillie avec stupeur par la grande majorité des acteurs de l’écosystème québécois et canadien en intelligence artificielle. Comment avait-elle pu prétendre si rapidement au statut de narval – celui d’une entreprise canadienne ayant une capitalisation de plus d’un milliard de dollars –, être encensée par l’État, les médias et les milieux économiques pour être rachetée quelques années plus tard « pour une bouchée de pain » ? Dans cet article, le cas Element AI, c’est-à-dire autant son ascension que sa chute, est présenté comme étant idéal-typique d’une « cybernétisation du pouvoir » dans laquelle la régulation se veut facilitatrice, à distance et à même de percevoir contrôle et communication comme les deux pôles d’une unique boucle de rétroaction. Si l’émergence d’Element AI est marquée par sa recherche de « supercrédibitité », de partenariats tous azimuts et de justifications jusqu’à éthiques, sa débâcle, elle, est le signe d’un désordre et d’une désynchronisation qui n’est pas allée sans réprimandes et contredits, même de la part de l’État. Ce passage de la justification à la critique est riche d’enseignement même si, ou plutôt parce qu’il pointe en direction aujourd’hui de ce qui est un vide au sein de cet écosystème et la manière dont il peine à se projeter dans un avenir même proche.
520 _aThe sale of Montreal-based Element AI to Service Now Inc. in November 2020 took the Quebec and Canadian artificial intelligence ecosystem by surprise. How could the start-up achieve narwhal status—that of a Canadian company with a capitalization of more than a billion dollars—and be celebrated by the government, the media and the business community, only to be bought out a few years later “for a song”? In this article, we present the case of Element AI, including both its rise and its fall, as an ideal-typical “cyberization of power” in which regulation is facilitative, remote and able to perceive control and communication as two ends of a single feedback loop. While the quick emergence of Element AI is characterized by its quest for “super-credibility”, expressed through partnerships with authoritative actors and institutions, its collapse is the sign of a desynchronization which met with rebukes and contradictions, even from the government. We have much to learn from this shift from justification to criticism since it points towards a vacuum within the Montreal AI ecosystem, as well as its difficulty in projecting itself even into a near future.
690 _acritique
690 _acybernétique
690 _aécosystème en intelligence artificielle
690 _aElement AI
690 _agouvernementalité
690 _ajustification
690 _apartenariat public-privé
690 _atraduction
690 _aartificial intelligence ecosystem
690 _acritique
690 _acybernetics
690 _aElement AI
690 _agovernmentality
690 _ajustification
690 _apublic-private partnership
690 _atranslation
786 0 _nRéseaux | 232-233 | 2 | 2022-05-23 | p. 169-196 | 0751-7971
856 4 1 _uhttps://shs.cairn.info/revue-reseaux-2022-2-page-169?lang=fr&redirect-ssocas=7080
999 _c2210430
_d2210430